A RETARGETABLE C COMPILER: DESIGN AND IMPLEMENTATION. (Record no. 216983)

MARC details
000 -LEADER
fixed length control field 00626nam a22001817a 4500
008 - FIXED-LENGTH DATA ELEMENTS--GENERAL INFORMATION
fixed length control field 260416b |||||||| |||| 00| 0 eng d
020 ## - INTERNATIONAL STANDARD BOOK NUMBER
International Standard Book Number 978-0-8053-1670-4
050 ## - LIBRARY OF CONGRESS CALL NUMBER
Classification number QA 76.73 .C15 F73 1995
100 ## - MAIN ENTRY--PERSONAL NAME
Personal name FRASER, CHRISTOPHER W.
245 ## - TITLE STATEMENT
Title A RETARGETABLE C COMPILER: DESIGN AND IMPLEMENTATION.
260 ## - PUBLICATION, DISTRIBUTION, ETC.
Place of publication, distribution, etc. REDWOOD CITY,
Name of publisher, distributor, etc. THE BENJAMIN/CUMMINGS PUBLISHING COMPANY, INC.
Date of publication, distribution, etc. 1995.
300 ## - PHYSICAL DESCRIPTION
Extent XV, 562 P , ILL
500 ## - GENERAL NOTE
General note INCLUDES BIBLIOGRAPHY AND INDEX.
650 ## - SUBJECT ADDED ENTRY
Topical term or geographic name entry element 1. COMPUTER ( COMPUTER PROGRAMS) 2. PROGRAMMING LANGUAGE- DESIGN.
700 ## - ADDED ENTRY--PERSONAL NAME
Personal name HANSON, DAVID R.
942 ## - ADDED ENTRY ELEMENTS (KOHA)
Source of classification or shelving scheme Library of Congress Classification
Koha item type Long Loan Book
Holdings
Withdrawn status Lost status Source of classification or shelving scheme Damaged status Not for loan Collection Home library Current library Shelving location Date acquired Inventory number Total checkouts Full call number Barcode Date last seen Copy number Price effective from Koha item type
    Library of Congress Classification     Science & Technology Kisii University Library Kisii University Library On Display 04/16/2026 111776   QA 76.73 .C15 F73 1995 a001854 04/16/2026 1 04/16/2026 Long Loan Book